Piešťany

Zobrazenie: Pohľad v bielom orámovaní na kúpele Thermia Palace vľavo a kúpele Irma vpravo zhora, spomedzi stromy. V pozadí za kúpeľmi vidno v diaľke kľukatit sa rieku Váh. V popredí pred kúpeľmi vidno len jej breh. Okolie kúpeľov tvoria husté listnaté stromy

Bibliographic Details
Format: Postcard
Language:Czech
PhysicalDescription:1 pohľadnica tónovaná do zelena 10 x 14 cm
Published: Praha - Smíchov, Hřebenka nákladem vlastním 1924
Series:Slovnské láznĕ a mĕsta
Subjects:

MARC

LEADER 00000nkm a2200000 a 4500
001 vtls011785149
003 SK-MaSNL
005 20260512122339.0
007 kp ao
008 240703s1924 xr g kucze
015 |a SNBG1924 
035 |a urn:nbn:sk:snk-km00dqg6 
035 |a urn:nbn:sk:snk-km3lwy3 
035 |a E1CE6F71-A812-4AF4-92E0-1A2889123A20 
040 |a SNK  |b slo  |c SNK  |e AACR2 
041 0 |a cze 
043 |a e-xo--- 
044 |a xr  |c CZ 
072 7 |a 913  |x Regionálna geografia  |2 konspekt 
080 |a 913(437.6)  |2 2011 
080 |a 711.455:615.838  |2 2011 
080 |a (084.121)  |2 2011 
080 |a 614.2:[725.1:614.21]  |2 2011 
080 |a 556.53  |2 2011 
080 |a (282.243)  |2 2011 
245 0 0 |a Piešťany  |h grafika  |c Fot. A. Chytil 
260 |a Praha - Smíchov, Hřebenka  |b nákladem vlastním  |c 1924  |e Praha  |f Unie 
300 |a 1 pohľadnica  |b tónovaná do zelena  |c 10 x 14 cm 
490 1 |a Slovnské láznĕ a mĕsta  |v č. 254 
500 |a Poznámka na adresnej časti pohľadnice: "Chytilovy tatranské publikace, mapy a památkové předmĕty prodáváme ve vlastních prodejnách na Štrbském Plese a v Tatranské Lomnici ve staničních budovách elektr. dráhy." 
500 |a Poznámka na adresnej časti je zčasti ťažko čitateľná, jej text odvodený z edície 
520 8 |a Zobrazenie: Pohľad v bielom orámovaní na kúpele Thermia Palace vľavo a kúpele Irma vpravo zhora, spomedzi stromy. V pozadí za kúpeľmi vidno v diaľke kľukatit sa rieku Váh. V popredí pred kúpeľmi vidno len jej breh. Okolie kúpeľov tvoria husté listnaté stromy 
650 0 7 |a kúpele  |2 SNKPH  |9 1139 
650 0 7 |a liečebne  |2 SNKPH  |9 56920 
650 0 7 |a rieky  |2 SNKPH  |9 29644 
651 7 |a Váh (Slovensko : rieka)  |2 SNKPHgeo  |9 59387 
651 7 |a Piešťany (Slovensko)  |2 SNKPHgeo  |9 23981 
655 7 |a miestne pohľadnice  |2 SNKPH  |9 70510 
830 0 |a Slovnské láznĕ a mĕsta  |9 355824 
852 |a Slovenská národná knižnica 
958 |a EUIPO 
958 |a GBN 
958 |a GC 
958 |a OND 
964 9 |a Alois Chytil (Praha, Česko) 
999 |c 600694  |d 602624 
952 |a SNK  |b SNK  |y PREZ  |7 0  |p 17A1289093  |o snkSP 108336  |z Pohľadnica prešla poštou.  |0 0  |1 0  |4 0  |d 2018-10-15  |f 1  |l 0  |r 2026-02-23 15:53:05  |w 2026-02-23